000 00575nam a2200169 i 4500
001 100561
003 ES-MaACL
005 20230906182710.0
007 t|
008 050929s1958 sp ||||1| spa d
100 1 _aMassero, Ferdinando.
_978808
245 1 0 _aManual práctico del tornero y fresador /
_cFerdinando Massero; traducción de la 17ª edición italiana por Miguel Ciganda Aznar.
260 _aBarcelona :
_bHoepli,
_c1958.
300 _aXXX, 553 p., 8 lám. pleg. ;
_c16 cm.
700 1 _aCiganda Aznar, Miguel.
_938814
852 _aES-MaACL
_jC-13529
_bR.41402
999 _c100561
_d100561